000 00714nam a2200205Ii 4500
003 JO-AjNU
008 230605s9999||||xx |||||||||||||| ||und||
040 _aJO-AjNU
_bara
_erda
_cJO-AjNU
041 _aara
050 1 4 _aBF95.R8.1983
100 3 _aروكلن،موريس ، زيعور،علي/ترجمة,
_eauthor
_915422
245 0 0 _aتاريخ علم النفسن
250 _aط5
264 3 1 _aبيروت:دار الاندلس للطباعة والنشر والتوزيع،1983
300 _a175ص
_bفهرس المصطلحات من ص 173-ص174
336 _atext
_btxt
_2rdacontent
337 _aunmediated
_bn
_2rdamedia
338 _avolume
_bnc
_2rdacarrier
650 4 _aعلم نفس-تاريخ
_915423
999 _aA4352
_c7920
_d7920